00736nam a2200229Ia 4500003000400000005001700004006001800021007000300039008004100042024001100083037001100094040001800105041001300123100002400136110008500160245010200245260000900347300001800356650002100374700002600395700008500421OSt20220930081848.0a|||||r|||| 00| 0ta220926b |||||||| |||| 00| 0 eng d a109176 cTheses aCRLcCRLbeng 2engaeng aMittal Vibhu Vibhas aUniversity of Delhi. Faculty of Medical Sciences. Department of Gastroenterology 0aRCT comparing lactulose, probiotics and L-ornithine L-aspartate in minimal hepatic encephalopathy c2009 a72p.ap.ccm. aGASTROENTEROLOGY a Dr. B. C. Sharma Gu. aUniversity of Delhi. Faculty of Medical Sciences. Department of Gastroenterology